Moja prvá encyklopédia

Bibliographic Details
Main Authors: Civardi, Anne (Author), Thomson, Ruth (Author)
Other Authors: Lacika, Ján, 1956- (Translator)
Format: Book
Language:Slovak
Published: Bratislava Mladé letá 2001
Subjects:

MARC

LEADER 00000nam a2200000 a 4500
001 vtls001413802
003 SK-MaSNL
005 20260301072113.0
008 240314s2001 xo abe r yy slo
015 |a SNBA2001/10-03327 
020 |a 8006010277 
035 |a SNK000368528 
035 |a urn:nbn:sk:snk-amyer0 
035 |a urn:nbn:sk:snk-am00cdzs 
035 |a 4AB98209-F4FC-44E7-BED4-045D72D0BEE4 
040 |a SNK  |b slo  |c SNK  |e AACR2 
041 0 |a slo 
044 |a xo  |c SK 
080 |a 031(087.5)  |2 1981 
100 1 |a Civardi, Anne  |4 aut  |9 311195 
240 1 0 |a Kingfisher first encyclopedia  |l Slovensky 
245 1 0 |a Moja prvá encyklopédia  |c [autori Anne Civardi, Ruth Thomson ; preložil Ján Lacika] 
260 |a Bratislava  |b Mladé letá  |c 2001 
300 |a 160 s.  |b fareb. ilustr.  |c 28 cm 
500 |a Ilustr. na tit. strane 
500 |a Údaj o aut. prevzatý z rubu tit. strany 
504 |a Reg. Slovníček 
521 |a Pre deti od 6 rokov 
650 0 7 |a encyklopédie pre deti  |2 SNK  |9 286484 
655 7 |a encyklopédie  |2 SNK  |9 28776 
700 1 |a Thomson, Ruth  |4 aut  |9 290478 
700 1 |a Lacika, Ján,  |d 1956-  |4 trl  |9 101502 
919 |a 80-06-01027-7 
958 |a TL 
958 |a OP 
958 |a NS 
958 |a DB 
968 |b ENG 
999 |c 640021  |d 641951 
952 |t P60, <03>, [BOOK], {603}  |a SNK  |b SNK  |y PREZ  |7 0  |p 17A0302235  |o snkSB 63462  |i snkKSP 6715/2001  |0 0  |1 0  |4 0  |d 2001-05-31  |f 1  |l 0  |r 2025-04-15 00:00:00  |w 2026-02-23 
952 |t P60, <04>, [BOOK], {604}  |a SNK  |b SNK  |y VYP  |7 0  |p 17A0302234  |o snkSB 63462 D1  |i snkKSP 6716/2001  |0 0  |1 0  |4 0  |d 2001-05-31  |l 0  |r 2005-01-02 00:00:00  |w 2026-02-23